000 00764nam a2200253Ia 4500
003 OSt
005 20220925191336.0
006 a|||||r|||| 00| 0
007 ta
008 220923b |||||||| |||| 00| 0 eng d
037 _cGeneral Book
040 _aRTL
_cRTL
_beng
041 _2eng
_aeng
082 _aX9:89Q8.1(X).N8, M6
110 _aIndustrial Development Bank of India
_9127248
245 0 _aTotal quality control at enterprise level
260 _aBombay
_bIDBI India
_c1986
300 _a123p.
_ccm.
490 _aInternational Trade Centre, Publication
650 _aQuality Control
700 _aIndustrial Development Bank of India
_9127249
942 _hX9:89Q8.1(X).N8, M6
_cGB
_2CC
999 _c518083
_d518083